00279nam a2200121Ia 4500008004100000100002100041245003400062260001900096300000800115650001000123942000700133999001700140190216s9999||||xx |||||||||||||| ||und|| aDr.Ramesh Parmar 0aHindi-Mahathma Jyothi Baapule bGhel Prakashan a222 aHindi cBK c16590d16590